Dawn Of Divinity (Record no. 291674)

MARC details
000 -LEADER
fixed length control field 00402nam a2200157Ia 4500
008 - FIXED-LENGTH DATA ELEMENTS--GENERAL INFORMATION
fixed length control field 230718s9999 xx 000 0 und d
041 ## - LANGUAGE CODE
Language code of text/sound track or separate title eng
082 ## - DEWEY DECIMAL CLASSIFICATION NUMBER
Classification number 242
Item number ATH
100 ## - MAIN ENTRY--PERSONAL NAME
Personal name Athavale P.
9 (RLIN) 111692
245 ## - TITLE STATEMENT
Title Dawn Of Divinity
260 ## - PUBLICATION, DISTRIBUTION, ETC. (IMPRINT)
Date of publication, distribution, etc. 1988
Name of publisher, distributor, etc. झवेरी प्रकाशन
300 ## - PHYSICAL DESCRIPTION
Extent 49
365 ## - TRADE PRICE
Currency code Rs.
Price amount 15.00
700 ## - ADDED ENTRY--PERSONAL NAME
Personal name Athavale P.
9 (RLIN) 111692
906 ## - LOCAL DATA ELEMENT F, LDF (RLIN)
d B:11-Jun-2008
c ENG
Holdings
Withdrawn status Lost status Damaged status Not for loan Home library Current library Date acquired Vendor Budget Code Cost, normal purchase price Total Checkouts Full call number Barcode Date last seen Cost, replacement price Bill Date Koha item type Original Barcode
        Cummins College of Engineering for Women Pune Cummins College of Engineering for Women Pune 27/12/1993 B.R. Zavar Charitable Trust ENG 15.00   242 CCEP-BK-2774 18/07/2023 15.00 11/06/2008 Books 002774